Diseases of poultry
Saved in:
| Main Author: | |
|---|---|
| Format: | Book |
| Language: | English |
| Published: |
Discovery Publishers
2014
|
| Tags: |
Add Tag
No Tags, Be the first to tag this record!
|
MARC
| LEADER | 00000nam a22000007a 4500 | ||
|---|---|---|---|
| 008 | 201221b ||||| |||| 00| 0 eng d | ||
| 020 | |a ISBN: 978-93-5056-413-4 | ||
| 100 | |a YADAV, Manju | ||
| 245 | |a Diseases of poultry |c Manju Yadav |g 302p. | ||
| 260 | |b Discovery Publishers |c 2014 |h New Delhi |i 683762 |l SF995.4 .Ya1 |m Poultry – Diseases | ||
| 500 | |a “It includes index and bibliography | ||
| 942 | |a lcc |c BK |e Olagoke,M A |f 21/12/2020 | ||
| 952 | |0 0 |1 0 |2 lcc |4 0 |6 SF09954 Y A1 |7 0 |9 1002 |a HOL |b HOL |c QZ |d 2020-12-21 |l 0 |o SF995.4 .Ya1 |p 2020-230226 |r 2020-12-21 00:00:00 |w 2020-12-21 |y BK | ||
| 999 | |c 519 |d 519 | ||